| Tag |
First Indicator |
Second Indicator |
Subfields |
| LEADER |
00000cam a22000007i 4500 |
| 001 |
in00005773813 |
| 005 |
20260327180523.1 |
| 006 |
m o d |
| 007 |
cr ||||||||||| |
| 008 |
241108t20242024enka ob 000 0 eng d |
| 040 |
|
|
|a SFB
|b eng
|e rda
|c SFB
|d YDX
|d OPELS
|d OCLCO
|d UKAHL
|d UKMGB
|d OCLCL
|d GZM
|d OCLCO
|
| 015 |
|
|
|a GBC4D8757
|2 bnb
|
| 016 |
7 |
|
|a 300371782
|2 Uk
|
| 019 |
|
|
|a 1518012692
|
| 020 |
|
|
|a 9780443313592
|q ePub ebook
|
| 020 |
|
|
|a 0443313598
|q ePub ebook
|
| 020 |
|
|
|z 9780443313585
|q hardback
|
| 020 |
|
|
|z 044331358X
|q hardback
|
| 024 |
8 |
|
|a CIPO000148690
|
| 035 |
|
|
|a (OCoLC)1467906810
|z (OCoLC)1518012692
|
| 050 |
|
4 |
|a RC862.I53
|
| 082 |
0 |
4 |
|a 616.3/44
|2 23/eng/20241120
|
| 049 |
|
|
|a TXAM
|
| 245 |
0 |
0 |
|a Emerging therapeutic targets and drug delivery approaches in IBD /
|c edited by Florin M. Selaru, Diane E. Peters.
|
| 264 |
|
1 |
|a London, United Kingdom ;
|a Cambridge, MA ;
|a San Diego, CA :
|b Academic Press, an imprint of Elsevier,
|c 2024.
|
| 264 |
|
4 |
|c ©2024
|
| 300 |
|
|
|a 1 online resource (xvii, 330 pages) :
|b illustrations.
|
| 336 |
|
|
|a text
|b txt
|2 rdacontent
|
| 337 |
|
|
|a computer
|b c
|2 rdamedia
|
| 338 |
|
|
|a online resource
|b cr
|2 rdacarrier
|
| 490 |
1 |
|
|a Advances in pharmacology ;
|v volume one hundred and one
|
| 504 |
|
|
|a Includes bibliographical references at the end of each chapter.
|
| 588 |
|
|
|a Description based on online resource; title from PDF title page (ScienceDirect, viewed September 11, 2025).
|
| 650 |
|
0 |
|a Inflammatory bowel diseases
|x Treatment.
|
| 650 |
|
0 |
|a Drug targeting.
|
| 650 |
|
0 |
|a Drug delivery systems.
|
| 650 |
|
2 |
|a Drug Delivery Systems
|
| 650 |
|
6 |
|a Affections intestinales inflammatoires
|x Traitement.
|
| 650 |
|
6 |
|a Médicaments
|x Ciblage.
|
| 650 |
|
6 |
|a Systèmes d'administration de médicaments.
|
| 655 |
|
7 |
|a Electronic books.
|2 local
|
| 700 |
1 |
|
|a Selaru, Florin M.,
|e editor.
|
| 700 |
1 |
|
|a Peters, Diane E.,
|e editor.
|1 https://id.oclc.org/worldcat/entity/E39PCjKXqp7wXWgYRKMb4BgTxP
|
| 710 |
2 |
|
|a ScienceDirect (Online service)
|
| 776 |
0 |
8 |
|i Print version:
|t Emerging therapeutic targets and drug delivery approaches in IBD.
|d Amsterdam : Academic Press, 2024
|z 9780443313585
|w (OCoLC)1452588123
|
| 830 |
|
0 |
|a Advances in pharmacology (San Diego, Calif.) ;
|v v.101.
|
| 856 |
4 |
0 |
|u http://proxy.library.tamu.edu/login?url=https://www.sciencedirect.com/science/bookseries/10543589/101
|z Connect to the full text of this electronic book
|t 0
|
| 955 |
|
|
|a Elsevier ScienceDirect 2026-2027
|
| 994 |
|
|
|a 92
|b TXA
|
| 999 |
f |
f |
|i 09ebe49c-5f00-4b6d-a908-fd692dcf55ee
|s e8db923f-843d-4267-b9d8-2d61c3ffdfe6
|t 0
|
| 952 |
f |
f |
|a Texas A&M University
|b College Station
|c Electronic Resources
|s www_evans
|d Available Online
|t 0
|e RC862.I53
|h Library of Congress classification
|
| 998 |
f |
f |
|a RC862.I53
|t 0
|l Available Online
|